• 首页
  • 本馆介绍
  • 公告通知
  • 最新文献
  • 馆藏检索
  • 电子资源
  • 读者导购
  • 参考咨询
  • 我的图书馆
  • 登录
  • 详细信息显示
  • 放入我的书架
  • 预约/预借图书
  • 作者相关作品
  • 分类相关作品
  • 丛书相关作品
  • 出版社相关作品

书目信息

  • 表格格式
  • 工作单格式
  • 卡片格式
题名:
GIS设备带电检测异常判断手册
    
 
作者: 冀肖彤 主编
分册:  
出版信息: 北京   中国电力出版社  2017.5
页数: 296页
开本: 23cm
丛书名:
单 册:
中图分类: TM8
科图分类:
主题词: 特高频--te gao pin--局部放电--带电测量--手册
电子资源:
ISBN: 978-7-5198-0471-8
000 01023nam0 2200253 45
001 012001000680
005 20140911165756.0
010    @a978-7-5198-0471-8@dCNY95.00
099    @aCAL 012017143642
100    @a20170905d2017 em y0chiy50 ea
101 0  @achi
102    @aCN@b110000
105    @aak z 000yy
106    @ar
200 1  @aGIS设备带电检测异常判断手册@f冀肖彤主编@AGIS she bei dai dian jian ce yi chang pan duan shou ce
210    @a北京@c中国电力出版社@d2017.5
215    @a296页@c彩图@d23cm
314    @a书内题: 冀肖彤主编
330    @aGIS设备带电检测异常判断手册, 主要内容包括: 特高频局部放电检测异常判断手册, 检测信号谱图类型, 异常信号初步判断, 典型缺陷放电图谱特征, 异常信号查找及干扰信号排除, 缺陷精确定位, 异常判断注意事项, 异常信号分析报告模板, 常见异常情况数据或图谱, 超声波局部放电检测异常判断手册等。
606 0  @a特高频@Ate gao pin@x局部放电@x带电测量@j手册
690    @aTM8@v5
701  0 @a冀肖彤@Aji xiao tong@4主编
801  0 @aCN@bBJSDL@c20211011
905    @b1331959-62@dTM8@e41@f4
    
    GIS设备带电检测异常判断手册/冀肖彤主编.-北京:中国电力出版社,2017.5
    296页:彩图;23cm
    
    
    ISBN 978-7-5198-0471-8:CNY95.00
    GIS设备带电检测异常判断手册, 主要内容包括: 特高频局部放电检测异常判断手册, 检测信号谱图类型, 异常信号初步判断, 典型缺陷放电图谱特征, 异常信号查找及干扰信号排除, 缺陷精确定位, 异常判断注意事项, 异常信号分析报告模板, 常见异常情况数据或图谱, 超声波局部放电检测异常判断手册等。
●
相关链接 在E读中查询图书 在五车中查询图书 在当当中查询图书 在豆瓣中查询图书


正题名:GIS设备带电检测异常判断手册     索取号:TM8/41         预约/预借

序号 登录号 条形码 馆藏地/架位号 状态 备注
1 1331959   213319595   第二样本阅览室/ [索取号:TM8/41] 在馆    
2 1331960   213319602   第三借阅区/ [索取号:TM8/41] 在馆    
3 1331961   213319611   第三借阅区/ [索取号:TM8/41] 在馆    
4 1331962   213319620   第三借阅区/ [索取号:TM8/41] 在馆    
唐山师范学院图书馆 欢迎您!
大连网信软件有限公司© 版权所有